| 000 | 01741cam a22004934i 4500 | ||
|---|---|---|---|
| 003 | PE-LiUPU | ||
| 005 | 20250731165555.0 | ||
| 008 | 150625s r 000 0 d | ||
| 035 | _a(Sirsi) a36067 | ||
| 035 | _a(Sirsi) a36067 | ||
| 040 |
_aPE-LiUPU _bspa _cPE-LiUPU _erda |
||
| 082 | 0 | 4 |
_a985.03 _bE97e _221 |
| 110 | 2 | _aExpreso, Editora Nacional S. A. | |
| 245 | 1 | 3 |
_aEl gran libro del Perú : _benciclopedia temática ilustrada / _cExpreso Editora Nacional S. A. |
| 264 | 1 |
_aLima : _bEdiciones Credimar, S.L., _c |
|
| 300 |
_a480 páginas : _bilustraciones, fotos, mapas, tablas, gráficos ; _c21 cm. |
||
| 336 |
_atext _2rdacontent |
||
| 337 |
_aunmediated _2rdamedia |
||
| 338 |
_avolume _2rdacarrier |
||
| 526 | _aSEG44 | ||
| 526 | _aSEG26 | ||
| 526 | _aP151 | ||
| 526 | _aP150 | ||
| 526 | _aP149 | ||
| 526 | _aP146 | ||
| 526 | _aP145 | ||
| 526 | _aP126 | ||
| 526 | _aP125 | ||
| 526 | _aP92 | ||
| 526 | _aP75 | ||
| 526 | _aP74 | ||
| 526 | _aP27 | ||
| 526 | _aP15 | ||
| 651 |
_aPeru _xHistoria _vEnciclopedias |
||
| 651 |
_aPeru _xGeografia _vEnciclopedias |
||
| 651 |
_aPeru _xAspectos Culturales. |
||
| 910 |
_blch _caj _d20050518 |
||
| 942 |
_2ddc _cBOOK |
||
| 949 |
_aRC 985.03 E97E _wDEWEY _c1 _i55167 _lRC _mBUL _p8.00 _r0 _sY _tBOOK _u2015-6-25 _xBIBLIOTECA _zUNKNOWN _0COMPRA _o.CIRCNOTE. No olvidar cambiar la fecha de devolución!!!!!!! _o.STAFF. Colección General |
||
| 994 |
_aC0 _bPEPRU |
||
| 596 | _a1 | ||
| 999 |
_aRC 985.03 E97E _wDEWEY _c44098 _i55167 _f2021-11-8 _g5 _lRCG _mBUL _p8.00 _r1 _sY _tBOOK _u2015-6-25 _xBIBLIOTECA _zUNKNOWN _0COMPRA _o.CIRCNOTE. No olvidar cambiar la fecha de devolución!!!!!!! _o.STAFF. Colección General _d44098 |
||
| 980 |
_81 _gALBERTO SANCHEZ Responsable de Automatización |
||